[Event "OLOMOUC 2006 - IM-C (CZE)"]
[Site "?"]
[Date "2006.08.02"]
[Round "1.1"]
[White "Talla, Vladimir"]
[Black "Zvara, Petr"]
[Result "1-0"]
[WhiteElo "2426"]
[BlackElo "2404"]
[PlyCount "113"]
[EventDate "2006.08.02"]

1. e4 e5 2. Nf3 Nc6 3. Bb5 a6 4. Ba4 Nf6 5. O-O b5 6. Bb3 Bb7 7. c3 Nxe4 8. d4
Na5 9. Nxe5 Nxb3 10. Qxb3 d5 11. Re1 f6 12. Rxe4 fxe5 13. Rxe5+ Kd7 14. Bg5 Qc8
15. Nd2 Bd6 16. Re2 Re8 17. Rae1 Rxe2 18. Rxe2 Qf8 19. Qd1 Qf5 20. Bh4 Re8 21.
Rxe8 Kxe8 22. Nf1 c5 23. Bg3 Be7 24. Be5 g6 25. f3 c4 26. Ne3 Qe6 27. f4 h5 28.
Qf3 Qf7 29. g3 Kd7 30. Kg2 Kc6 31. h3 Bc8 32. g4 hxg4 33. hxg4 b4 34. Nxc4 bxc3
35. bxc3 Bf8 36. Ne3 Kb5 37. Qf1+ Ka5 38. Qb1 Qb7 39. Qb3 Qxb3 40. axb3 Be6 41.
Kf3 Ba3 42. f5 gxf5 43. gxf5 Bf7 44. Kg3 Bc1 45. Ng4 Bd2 46. Bd6 Bxc3 47. Ne5
Be8 48. Bc5 Be1+ 49. Kg4 Kb5 50. f6 Bb4 51. Nd3 Ba5 52. Kf5 Bf7 53. Ne5 Bg8 54.
f7 Bxf7 55. Nxf7 Bb4 56. Nd6+ Ka5 57. Ke5 1-0

[Event "OLOMOUC 2006 - IM-C (CZE)"]
[Site "?"]
[Date "2006.08.02"]
[Round "1.2"]
[White "Pel, Bonno"]
[Black "Tuma, Jiri"]
[Result "1-0"]
[WhiteElo "2301"]
[BlackElo "2310"]
[PlyCount "109"]
[EventDate "2006.08.02"]

1. Nc3 Nf6 2. e4 e5 3. g3 d5 4. exd5 Nxd5 5. Bg2 Ne7 6. Nf3 Nbc6 7. O-O g6 8.
Re1 Bg7 9. b4 a6 10. Rb1 O-O 11. a4 Bf5 12. d3 f6 13. Bd2 Qd7 14. b5 axb5 15.
axb5 Nd8 16. Ne4 b6 17. Bb4 Re8 18. d4 Nf7 19. dxe5 fxe5 20. Qe2 h6 21. Rbd1
Qe6 22. Nh4 Bg4 23. f3 Bf5 24. Nc3 c5 25. bxc6 Nxc6 26. Nd5 Nxb4 27. Nxb4 Rac8
28. Nxf5 gxf5 29. Nd5 Rc5 30. Ne3 e4 31. fxe4 fxe4 32. c4 Ng5 33. Nd5 b5 34. h4
bxc4 35. Nf4 Qb6 36. hxg5 Rxg5+ 37. Kh2 c3 38. Qc4+ Kh8 39. Rxe4 Rf8 40. Re6 c2
41. Qxc2 Qb8 42. Rb1 Qd8 43. Ng6+ Kg8 44. Nxf8 Rh5+ 45. Bh3 Qxf8 46. Qe2 Rxh3+
47. Kg2 Qf5 48. Rf1 Rxg3+ 49. Kxg3 Qg5+ 50. Qg4 Qb5 51. Rfe1 Qb8+ 52. Kh3 Qb3+
53. R1e3 Qb1 54. Re8+ Kh7 55. Qe4+ 1-0

[Event "OLOMOUC 2006 - IM-C (CZE)"]
[Site "?"]
[Date "2006.08.02"]
[Round "1.3"]
[White "Litwak, Aleksej"]
[Black "Biolek, Richard Jr"]
[Result "1-0"]
[WhiteElo "2222"]
[BlackElo "2304"]
[PlyCount "63"]
[EventDate "2006.08.02"]

1. e4 e5 2. Nf3 Nc6 3. Bb5 f5 4. Nc3 Nf6 5. exf5 Be7 6. Bxc6 dxc6 7. Nxe5 Bxf5
8. d4 O-O 9. Be3 Bd6 10. Qe2 Bxe5 11. dxe5 Ng4 12. f4 Nxe3 13. Qxe3 Bxc2 14.
O-O Qe7 15. Rf2 Bf5 16. Rd1 b6 17. h3 Rad8 18. Rfd2 Be6 19. g4 Rxd2 20. Rxd2 g6
21. Kh2 Qb4 22. Kg3 Qc4 23. a3 Bd5 24. Rd4 Qf1 25. Nxd5 cxd5 26. Rxd5 h5 27.
Rd4 g5 28. f5 h4+ 29. Kh2 Kh7 30. e6 c5 31. Rd7+ Kh6 32. e7 1-0

[Event "OLOMOUC 2006 - IM-C (CZE)"]
[Site "?"]
[Date "2006.08.02"]
[Round "1.4"]
[White "Gutierrez Castillo, Paloma"]
[Black "Firman, Nazar"]
[Result "0-1"]
[WhiteElo "2201"]
[BlackElo "2499"]
[PlyCount "82"]
[EventDate "2006.08.02"]

1. e4 c5 2. Nf3 e6 3. d4 cxd4 4. Nxd4 a6 5. Nc3 b5 6. Bd3 Bb7 7. O-O Bc5 8. Nb3
Ba7 9. Qg4 Nf6 10. Qe2 Qc7 11. Be3 Bxe3 12. Qxe3 Ng4 13. Qg3 Qxg3 14. hxg3 Nc6
15. Nc5 Bc8 16. f3 Nge5 17. Kf2 d6 18. Nb3 Ke7 19. Ke3 Rb8 20. a4 Nb4 21. Nd4
Nexd3 22. cxd3 e5 23. Nde2 Nc2+ 24. Kd2 Nxa1 25. Rxa1 bxa4 26. Nd5+ Ke6 27. Kc2
Bb7 28. Rxa4 Bxd5 29. exd5+ Kxd5 30. Nc3+ Ke6 31. Rxa6 Ra8 32. Rxa8 Rxa8 33. b4
d5 34. Kb2 h5 35. Kb3 Ra1 36. b5 Kd6 37. Kb4 Rg1 38. b6 Kc6 39. Kb3 Rxg2 40.
Nxd5 Rxg3 41. Ka4 Kxd5 0-1

[Event "OLOMOUC 2006 - IM-C (CZE)"]
[Site "?"]
[Date "2006.08.02"]
[Round "1.5"]
[White "Picard, Romain"]
[Black "Geske, Julian"]
[Result "1/2-1/2"]
[WhiteElo "2357"]
[BlackElo "2173"]
[PlyCount "101"]
[EventDate "2006.08.02"]

1. e4 d5 2. exd5 Qxd5 3. Nc3 Qa5 4. d4 Nf6 5. Bc4 Bg4 6. f3 Bf5 7. Nge2 e6 8.
O-O Be7 9. Bd2 Qb6 10. Be3 O-O 11. Bf2 c5 12. Bb3 Na6 13. Qe1 Rfe8 14. Rd1 Rad8
15. Kh1 h6 16. Be3 Bh7 17. Qf2 Qa5 18. Rd2 cxd4 19. Nxd4 Nc5 20. Rfd1 a6 21.
Bc4 Qb4 22. Bb3 e5 23. Nc6 Rxd2 24. Nxe7+ Rxe7 25. Rxd2 Nxb3 26. axb3 Rd7 27.
Rxd7 Nxd7 28. Qd2 Qe7 29. b4 Bf5 30. b5 Qb4 31. bxa6 bxa6 32. g4 Be6 33. b3 Nc5
34. Ne4 Qxd2 35. Nxd2 Nd7 36. Kg2 f5 37. gxf5 Bxf5 38. c4 Kf7 39. Ne4 Ke6 40.
Kf2 g5 41. Ke2 Ke7 42. Kd2 Kd8 43. Nc3 Nf6 44. b4 Kc7 45. Bc5 Kc6 46. Bf8 h5
47. Be7 Nd7 48. Ne4 g4 49. fxg4 hxg4 50. Kd3 Nb6 51. b5+ 1/2-1/2

[Event "OLOMOUC 2006 - IM-C (CZE)"]
[Site "?"]
[Date "2006.08.02"]
[Round "1.6"]
[White "Damia, Angelo"]
[Black "Salai, Ladislav"]
[Result "0-1"]
[WhiteElo "2237"]
[BlackElo "2370"]
[PlyCount "82"]
[EventDate "2006.08.02"]

1. e4 c5 2. a3 g6 3. b4 Bg7 4. c3 b6 5. d4 Qc7 6. Bb2 d6 7. Nd2 Nf6 8. Bd3 O-O
9. f3 e5 10. d5 Nh5 11. Ne2 f5 12. O-O Bh6 13. Nc4 Nd7 14. Bc1 Bxc1 15. Rxc1
Ndf6 16. Qd2 b5 17. Ne3 c4 18. Bb1 f4 19. Nd1 g5 20. g4 Ng7 21. Nf2 Bd7 22. Bc2
a5 23. Bd1 axb4 24. axb4 Ra3 25. Kg2 Rfa8 26. Ng1 h6 27. Be2 R8a6 28. Rc2 Qa7
29. Rfc1 Nh7 30. Bd1 Nf8 31. Nh1 Ng6 32. Qf2 Nh4+ 33. Kf1 Qa8 34. h3 Ne8 35.
Qd2 Nf6 36. Nf2 Kg7 37. Rb1 Be8 38. Rbb2 Bf7 39. Rc1 Ra1 40. Rxa1 Rxa1 41. Rc2
Qa3 0-1

[Event "OLOMOUC 2006 - IM-C (CZE)"]
[Site "?"]
[Date "2006.08.03"]
[Round "2.1"]
[White "Zvara, Petr"]
[Black "Salai, Ladislav"]
[Result "1-0"]
[WhiteElo "2404"]
[BlackElo "2370"]
[PlyCount "35"]
[EventDate "2006.08.02"]

1. e4 c5 2. Nf3 Nc6 3. Nc3 Nf6 4. Bb5 d6 5. e5 dxe5 6. Bxc6+ bxc6 7. Nxe5 Qc7
8. Qe2 e6 9. O-O Be7 10. d3 Nd5 11. Bd2 Rb8 12. b3 O-O 13. Rae1 Bd6 14. Nf3 Re8
15. Ne4 Nb4 16. Bc3 Nd5 17. Nxd6 Nxc3 18. Qe5 1-0

[Event "OLOMOUC 2006 - IM-C (CZE)"]
[Site "?"]
[Date "2006.08.03"]
[Round "2.3"]
[White "Firman, Nazar"]
[Black "Picard, Romain"]
[Result "1-0"]
[WhiteElo "2499"]
[BlackElo "2357"]
[PlyCount "87"]
[EventDate "2006.08.02"]

1. e4 e5 2. Nf3 d6 3. d4 exd4 4. Nxd4 Nf6 5. Nc3 Be7 6. Bf4 O-O 7. Qd2 a6 8.
O-O-O b5 9. f3 c5 10. Nf5 Bxf5 11. exf5 Nc6 12. Bxd6 Qa5 13. Bxe7 Nxe7 14. Kb1
Rad8 15. Qc1 Nxf5 16. Bd3 Nd6 17. Rhe1 c4 18. Bf1 b4 19. Ne4 Ndxe4 20. fxe4 b3
21. axb3 cxb3 22. cxb3 Qe5 23. Bd3 Rfe8 24. g3 a5 25. Bc4 Rc8 26. Qf4 Qxf4 27.
gxf4 Nxe4 28. Ka1 Nc5 29. Rxe8+ Rxe8 30. Rd5 Rc8 31. Ka2 Kf8 32. Ka3 Ke7 33.
Rf5 f6 34. Rd5 Rc7 35. h4 g6 36. h5 Rc8 37. h6 Rc7 38. Rd4 Rb7 39. Bg8 Rb4 40.
Rxb4 axb4+ 41. Kxb4 Nd3+ 42. Ka5 Nxf4 43. b4 Kf8 44. b5 1-0

[Event "OLOMOUC 2006 - IM-C (CZE)"]
[Site "?"]
[Date "2006.08.03"]
[Round "2.4"]
[White "Biolek, Richard Jr"]
[Black "Gutierrez Castillo, Paloma"]
[Result "1/2-1/2"]
[WhiteElo "2304"]
[BlackElo "2201"]
[PlyCount "58"]
[EventDate "2006.08.02"]

1. e4 e5 2. Nf3 Nc6 3. d4 exd4 4. Nxd4 Bb4+ 5. c3 Bc5 6. Be3 Bb6 7. Qg4 Qf6 8.
Qg3 Nge7 9. Nb5 Ba5 10. Nxc7+ Bxc7 11. Qxc7 O-O 12. Qf4 Qg6 13. Nd2 d5 14.
O-O-O dxe4 15. Nxe4 Bf5 16. Rd6 Be6 17. Bd3 Qxg2 18. Ng3 Ng6 19. Qg5 Nce5 20.
Be4 Qh3 21. Bxg6 Nxg6 22. f4 h6 23. Qb5 Ne7 24. Rg1 Rad8 25. Rxd8 Rxd8 26. Bd4
Nc6 27. Be3 Ne7 28. Bd4 Nc6 29. Be3 Ne7 1/2-1/2

[Event "OLOMOUC 2006 - IM-C (CZE)"]
[Site "?"]
[Date "2006.08.03"]
[Round "2.5"]
[White "Tuma, Jiri"]
[Black "Litwak, Aleksej"]
[Result "1/2-1/2"]
[WhiteElo "2310"]
[BlackElo "2222"]
[PlyCount "125"]
[EventDate "2006.08.02"]

1. e4 c5 2. Nf3 e6 3. d4 cxd4 4. Nxd4 Nf6 5. Nc3 Nc6 6. g3 Qb6 7. Nb3 Bb4 8.
Bg2 Qa6 9. Qd3 Qxd3 10. cxd3 d5 11. O-O O-O 12. Bg5 d4 13. Nb5 e5 14. h3 Ne8
15. f4 f6 16. Bh4 Be6 17. Rf2 h6 18. f5 Bf7 19. g4 a6 20. Na3 Nc7 21. Nc2 Nb5
22. Bg3 Rfc8 23. h4 Be7 24. Nd2 h5 25. gxh5 Bxh5 26. Nc4 Rc7 27. Bf3 Bf7 28.
Nb6 Rd8 29. Rg2 Nb4 30. Nxb4 Bxb4 31. h5 Kh7 32. Bh4 Rd6 33. Nd5 Bxd5 34. exd5
Rcd7 35. h6 Nc7 36. Rc1 Ba5 37. Kh1 Nxd5 38. hxg7 Rxg7 39. Rxg7+ Kxg7 40. Rc5
Nf4 41. Rxa5 Nxd3 42. Rd5 Rxd5 43. Bxd5 Nxb2 44. Bxb7 d3 45. Bxa6 e4 46. Kg1 e3
47. Kf1 Kf7 48. a3 Ke7 49. Bb5 d2 50. Be2 d1=Q+ 51. Bxd1 Nxd1 52. Ke2 Nb2 53.
Kxe3 Nc4+ 54. Kd4 Nxa3 55. Kc5 Nc2 56. Bf2 Kf7 57. Kd5 Nb4+ 58. Kd6 Nd3 59. Bg3
Ne5 60. Be1 Nc4+ 61. Kd7 Ne3 62. Bc3 Nxf5 63. Bxf6 1/2-1/2

[Event "OLOMOUC 2006 - IM-C (CZE)"]
[Site "?"]
[Date "2006.08.03"]
[Round "2.6"]
[White "Talla, Vladimir"]
[Black "Pel, Bonno"]
[Result "1-0"]
[WhiteElo "2426"]
[BlackElo "2301"]
[PlyCount "62"]
[EventDate "2006.08.02"]

1. e4 d6 2. d4 Nf6 3. Nc3 g6 4. f4 Bg7 5. Nf3 O-O 6. Bd3 Na6 7. O-O c5 8. d5
Rb8 9. f5 Nc7 10. Qe1 b5 11. Qh4 c4 12. Be2 Nce8 13. Bh6 Qb6+ 14. Kh1 Bxh6 15.
Qxh6 Ng4 16. Qh4 Nef6 17. h3 Ne5 18. Qh6 Nxf3 19. Bxf3 b4 20. Ne2 c3 21. bxc3
bxc3 22. Nf4 Ba6 23. Rfe1 Qd4 24. h4 Rb2 25. fxg6 hxg6 26. h5 gxh5 27. e5 dxe5
28. Qg5+ Kh8 29. Rxe5 Nh7 30. Qxh5 Qxf4 31. Be4 f5 1-0

[Event "OLOMOUC 2006 - IM-C (CZE)"]
[Site "?"]
[Date "2006.08.04"]
[Round "3.1"]
[White "Pel, Bonno"]
[Black "Zvara, Petr"]
[Result "0-1"]
[WhiteElo "2301"]
[BlackElo "2404"]
[PlyCount "68"]
[EventDate "2006.08.02"]

1. g3 e5 2. Bg2 Nc6 3. e4 Bc5 4. Nf3 d6 5. O-O Nf6 6. d3 Be6 7. c3 Bb6 8. d4
Bg4 9. d5 Ne7 10. h3 Bd7 11. Qe2 h6 12. c4 a5 13. Nc3 Ng6 14. Be3 Bxe3 15. Qxe3
Qc8 16. h4 b6 17. Nd2 Ng4 18. Qe2 f5 19. exf5 Bxf5 20. Be4 O-O 21. Nb5 Rf7 22.
Rac1 Nf6 23. Bxf5 Qxf5 24. f3 Raf8 25. Ne4 Qd7 26. Kh2 Ne7 27. Kg2 Nf5 28. b3
Nh5 29. Qd2 Nxh4+ 30. gxh4 Rxf3 31. Rxf3 Qg4+ 32. Rg3 Qxe4+ 33. Kh3 Nxg3 34.
Nc3 Qf3 0-1

[Event "OLOMOUC 2006 - IM-C (CZE)"]
[Site "?"]
[Date "2006.08.04"]
[Round "3.2"]
[White "Litwak, Aleksej"]
[Black "Talla, Vladimir"]
[Result "1/2-1/2"]
[WhiteElo "2222"]
[BlackElo "2426"]
[PlyCount "82"]
[EventDate "2006.08.02"]

1. e4 e5 2. Nf3 Nc6 3. Bb5 a6 4. Bxc6 dxc6 5. O-O f6 6. d4 exd4 7. Nxd4 c5 8.
Nb3 Qxd1 9. Rxd1 Bg4 10. f3 Be6 11. Bf4 c4 12. Nd4 O-O-O 13. Nc3 Rxd4 14. Rxd4
Bc5 15. Ne2 Bxd4+ 16. Nxd4 Bf7 17. Nf5 g6 18. Ne3 Be6 19. Rd1 Ne7 20. Kf2 b5
21. c3 Rd8 22. Rxd8+ Kxd8 23. e5 fxe5 24. Bxe5 Kd7 25. g4 Nc8 26. Bd4 Kd6 27.
Ke2 c5 28. Bg7 Nb6 29. Bf8+ Kc6 30. Kd2 Nd7 31. Bg7 Kd6 32. Nd1 Ke7 33. Nf2 Bd5
34. Ke3 Nb6 35. Be5 Na4 36. Nd1 g5 37. f4 gxf4+ 38. Bxf4 Bf7 39. Kd2 h5 40. h3
hxg4 41. hxg4 Be6 1/2-1/2

[Event "OLOMOUC 2006 - IM-C (CZE)"]
[Site "?"]
[Date "2006.08.04"]
[Round "3.3"]
[White "Gutierrez Castillo, Paloma"]
[Black "Tuma, Jiri"]
[Result "1/2-1/2"]
[WhiteElo "2201"]
[BlackElo "2310"]
[PlyCount "142"]
[EventDate "2006.08.02"]

1. e4 e5 2. Nf3 Nc6 3. Bc4 Nf6 4. d3 Be7 5. Bb3 d6 6. c3 O-O 7. Nbd2 h6 8. Nf1
Nh7 9. Ng3 Na5 10. Bc2 c5 11. O-O Nc6 12. Be3 Be6 13. d4 cxd4 14. cxd4 Bg4 15.
h3 exd4 16. Bxd4 Bxf3 17. gxf3 Nxd4 18. Qxd4 Bf6 19. Qd2 Bxb2 20. Rab1 Qf6 21.
f4 Bd4 22. Nf5 Bb6 23. Kh2 Rac8 24. Rb3 Kh8 25. Rd3 Bc5 26. Bb1 Rc6 27. Rd1 Rb6
28. Rb3 h5 29. Rxb6 Bxb6 30. Qc2 g6 31. Rxd6 Qa1 32. e5 Ng5 33. Ne7 Nf3+ 34.
Kh1 Nxe5 35. fxe5 Qxe5 36. Rxg6 f5 37. Nxf5 Qd5+ 38. Qe4 Rxf5 39. Qxd5 Rxd5 40.
Be4 Rd2 41. Rh6+ Kg7 42. Rxh5 Rxf2 43. Bd5 Kf6 44. Bb3 Re2 45. Rh7 Kg5 46. Rxb7
Kh4 47. Rh7+ Kg3 48. Rg7+ Kxh3 49. Rh7+ Kg3 50. Rg7+ Kf4 51. Rf7+ Kg5 52. Rg7+
Kf6 53. Rg2 Re1+ 54. Kh2 Kf5 55. Rc2 Kf4 56. Rc4+ Ke3 57. Rc3+ Kd2 58. Rc2+ Kd3
59. Kg3 Bd4 60. Rc8 Rg1+ 61. Kf3 Rf1+ 62. Kg4 Rf2 63. Re8 Kc3 64. Rc8+ Kb2 65.
Rc4 Bb6 66. Rf4 Rd2 67. Kf5 Ka3 68. Ra4+ Kb2 69. Ke4 Rh2 70. Kd3 Rh3+ 71. Ke2
Rh2+ 1/2-1/2

[Event "OLOMOUC 2006 - IM-C (CZE)"]
[Site "?"]
[Date "2006.08.04"]
[Round "3.4"]
[White "Picard, Romain"]
[Black "Biolek, Richard Jr"]
[Result "1/2-1/2"]
[WhiteElo "2357"]
[BlackElo "2304"]
[PlyCount "41"]
[EventDate "2006.08.02"]

1. e4 e5 2. Nf3 Nc6 3. Bc4 Nf6 4. d3 Be7 5. O-O O-O 6. a4 h6 7. a5 a6 8. c3 d5
9. exd5 Nxd5 10. h3 b5 11. Bb3 Bb7 12. Re1 Bc5 13. Nbd2 Nf4 14. d4 exd4 15. Ne4
Bd6 16. Nxd4 Nxd4 17. Qxd4 Bxe4 18. Qxe4 Re8 19. Qxe8+ Qxe8 20. Rxe8+ Rxe8 21.
Bxf4 1/2-1/2

[Event "OLOMOUC 2006 - IM-C (CZE)"]
[Site "?"]
[Date "2006.08.04"]
[Round "3.5"]
[White "Damia, Angelo"]
[Black "Firman, Nazar"]
[Result "0-1"]
[WhiteElo "2237"]
[BlackElo "2499"]
[PlyCount "44"]
[EventDate "2006.08.02"]

1. e4 c5 2. Nf3 e6 3. b4 b6 4. bxc5 bxc5 5. d4 cxd4 6. Nxd4 Bb7 7. Bd3 Nf6 8.
Nd2 Nc6 9. Nxc6 Bxc6 10. O-O Qc7 11. Bb2 Bd6 12. h3 Be5 13. Bxe5 Qxe5 14. Nc4
Qg5 15. Qd2 Qxd2 16. Nxd2 Ke7 17. Rfb1 Rhb8 18. f3 d5 19. c4 dxe4 20. Nxe4 Rd8
21. Rb3 Nd7 22. Kf2 f5 0-1

[Event "OLOMOUC 2006 - IM-C (CZE)"]
[Site "?"]
[Date "2006.08.04"]
[Round "3.6"]
[White "Salai, Ladislav"]
[Black "Geske, Julian"]
[Result "1-0"]
[WhiteElo "2370"]
[BlackElo "2173"]
[PlyCount "51"]
[EventDate "2006.08.02"]

1. e4 e5 2. Nf3 Nc6 3. Bb5 a6 4. Ba4 Nf6 5. Nc3 b5 6. Bb3 Bc5 7. d3 h6 8. Be3
Bxe3 9. fxe3 O-O 10. a4 b4 11. Nd5 d6 12. O-O Nxd5 13. Bxd5 Qe8 14. Nh4 Be6 15.
Nf5 Bxd5 16. Qg4 g6 17. exd5 h5 18. Qh4 f6 19. dxc6 gxf5 20. Rxf5 Qg6 21. Raf1
Rf7 22. Rxf6 Rxf6 23. Rxf6 Qg7 24. Rf5 Qh6 25. Qg3+ Kh8 26. Qf3 1-0

[Event "OLOMOUC 2006 - IM-C (CZE)"]
[Site "?"]
[Date "2006.08.04"]
[Round "4.1"]
[White "Zvara, Petr"]
[Black "Geske, Julian"]
[Result "1-0"]
[WhiteElo "2404"]
[BlackElo "2173"]
[PlyCount "79"]
[EventDate "2006.08.02"]

1. e4 e5 2. Nf3 Nc6 3. Bb5 a6 4. Ba4 Nf6 5. d3 d6 6. c3 g6 7. Nbd2 Bg7 8. O-O
O-O 9. Re1 Bd7 10. Nf1 Qe8 11. Bc2 Nh5 12. d4 exd4 13. Nxd4 Nxd4 14. cxd4 Bc6
15. b3 Qd8 16. Be3 Nf6 17. Ng3 Re8 18. f3 b5 19. Qd2 Bb7 20. Rad1 Rc8 21. Bh6
Bh8 22. Qf4 Nd7 23. Bg5 Bf6 24. Bxf6 Nxf6 25. e5 Nd5 26. Qh6 Kh8 27. Ne4 f5 28.
exf6 Nxf6 29. Ng5 Rxe1+ 30. Rxe1 Qf8 31. Qxf8+ Rxf8 32. Re7 Rc8 33. Rf7 Nd5 34.
Rxh7+ Kg8 35. Bxg6 Nf6 36. Rf7 Ne8 37. Bh7+ Kh8 38. Bf5 Rb8 39. Rf8+ Kg7 40.
Ne6+ 1-0

[Event "OLOMOUC 2006 - IM-C (CZE)"]
[Site "?"]
[Date "2006.08.04"]
[Round "4.2"]
[White "Firman, Nazar"]
[Black "Salai, Ladislav"]
[Result "1-0"]
[WhiteElo "2499"]
[BlackElo "2370"]
[PlyCount "43"]
[EventDate "2006.08.02"]

1. e4 c5 2. Nf3 Nc6 3. Nc3 e5 4. Bc4 d6 5. d3 Be7 6. O-O Nf6 7. Ng5 O-O 8. f4
exf4 9. Bxf4 h6 10. Nf3 Be6 11. Nd5 Qd7 12. Qd2 Bd8 13. Rae1 Ng4 14. h3 Nge5
15. Bxh6 gxh6 16. Nxe5 Nxe5 17. Qxh6 Nxc4 18. Rf3 Ne5 19. Rg3+ Ng6 20. Rf1 Bh4
21. Rf4 Be7 22. Rf6 1-0

[Event "OLOMOUC 2006 - IM-C (CZE)"]
[Site "?"]
[Date "2006.08.04"]
[Round "4.4"]
[White "Tuma, Jiri"]
[Black "Picard, Romain"]
[Result "1/2-1/2"]
[WhiteElo "2310"]
[BlackElo "2357"]
[PlyCount "187"]
[EventDate "2006.08.02"]

1. d4 Nf6 2. Nf3 g6 3. b3 Bg7 4. Bb2 O-O 5. g3 b6 6. Bg2 Bb7 7. O-O c5 8. dxc5
bxc5 9. c4 d6 10. Nc3 Nbd7 11. Ne1 Qc8 12. Qc2 Ne5 13. Bxb7 Qxb7 14. Ng2 Rab8
15. Ne3 Nc6 16. Ncd5 Nd4 17. Bxd4 Nxd5 18. Nxd5 Bxd4 19. Rad1 a5 20. e3 Bg7 21.
Rd3 Rfc8 22. Rfd1 Rc6 23. Nc3 Bxc3 24. Rxc3 Rb6 25. e4 a4 26. Rb1 Rb4 27. Re3
f6 28. h4 Rb6 29. Qd1 Qd7 30. Kg2 Qe6 31. Rc1 Ra6 32. Qd5 Kf7 33. Rc2 Rba8 34.
Rb2 axb3 35. axb3 R8a7 36. g4 Ra1 37. b4 cxb4 38. Rxb4 R7a5 39. Qxe6+ Kxe6 40.
Reb3 h5 41. Rg3 Re1 42. gxh5 gxh5 43. Kf3 Re5 44. Rg7 R1xe4 45. Rh7 Kf5 46.
Rxh5+ Kg6 47. Rxe5 Rxe5 48. Rb5 Re1 49. Rd5 Rc1 50. Rd4 Rc3+ 51. Ke2 Kf5 52. h5
Kg5 53. Kd2 Rf3 54. Ke2 Rf5 55. Re4 e5 56. Re3 Rf4 57. Rd3 Rxc4 58. Rxd6 Rh4
59. Rd8 Rxh5 60. Rf8 f5 61. Re8 Kf4 62. Rf8 Rh7 63. Rf6 Ra7 64. Rf8 Ra2+ 65.
Kf1 Ke4 66. Kg2 Kf4 67. Rb8 Ra7 68. Rf8 Rg7+ 69. Kf1 Rh7 70. Kg2 Rh5 71. Ra8 e4
72. Ra3 Kg4 73. Rg3+ Kf4 74. Ra3 Rh8 75. Rb3 Ra8 76. Rb5 Ra2 77. Rb3 Rd2 78.
Kf1 Kg4 79. Rg3+ Kh4 80. Rg8 f4 81. Ke1 Ra2 82. Rg7 Ra5 83. Ke2 Ra2+ 84. Ke1
Kh5 85. Rg8 Ra1+ 86. Ke2 Ra6 87. Rg7 Ra2+ 88. Ke1 Ra5 89. Ke2 Ra2+ 90. Ke1 Ra1+
91. Ke2 f3+ 92. Ke3 Re1+ 93. Kf4 Re2 94. Kg3 1/2-1/2

[Event "OLOMOUC 2006 - IM-C (CZE)"]
[Site "?"]
[Date "2006.08.04"]
[Round "4.5"]
[White "Talla, Vladimir"]
[Black "Gutierrez Castillo, Paloma"]
[Result "1-0"]
[WhiteElo "2426"]
[BlackElo "2201"]
[PlyCount "41"]
[EventDate "2006.08.02"]

1. e4 e5 2. Nf3 Nc6 3. Bb5 Nf6 4. O-O Nxe4 5. d4 Nd6 6. Bxc6 dxc6 7. dxe5 Ne4
8. Qe2 Bf5 9. Rd1 Qe7 10. Be3 f6 11. exf6 Nxf6 12. Nc3 Bd7 13. Qf1 c5 14. Nb5
Bxb5 15. Qxb5+ c6 16. Qb3 Qf7 17. c4 Qc7 18. Bf4 Qc8 19. Ng5 Be7 20. Re1 Kf8
21. Qe3 1-0

[Event "OLOMOUC 2006 - IM-C (CZE)"]
[Site "?"]
[Date "2006.08.04"]
[Round "4.6"]
[White "Pel, Bonno"]
[Black "Litwak, Aleksej"]
[Result "0-1"]
[WhiteElo "2301"]
[BlackElo "2222"]
[PlyCount "50"]
[EventDate "2006.08.02"]

1. Nc3 d5 2. e4 d4 3. Nce2 e5 4. Ng3 Be6 5. c3 Nc6 6. Bb5 Nge7 7. d3 a6 8. Ba4
b5 9. Bc2 Ng6 10. Nf3 Bc5 11. Ng5 Qe7 12. Nxe6 fxe6 13. O-O Nf4 14. a3 O-O 15.
b4 Ba7 16. c4 bxc4 17. Ba4 Nxb4 18. axb4 Nxd3 19. Bc6 Nxf2 20. Rxf2 d3 21. Nh1
Rxf2 22. Nxf2 Rf8 23. Ra2 Qd6 24. Bb7 c3 25. Kh1 c2 0-1

[Event "OLOMOUC 2006 - IM-C (CZE)"]
[Site "?"]
[Date "2006.08.05"]
[Round "5.1"]
[White "Litwak, Aleksej"]
[Black "Zvara, Petr"]
[Result "0-1"]
[WhiteElo "2222"]
[BlackElo "2404"]
[PlyCount "52"]
[EventDate "2006.08.02"]

1. e4 e5 2. Nf3 Nc6 3. Bb5 a6 4. Bxc6 dxc6 5. O-O Qd6 6. Na3 b5 7. c3 c5 8. Nc2
Bb7 9. d4 cxd4 10. cxd4 exd4 11. Nfxd4 O-O-O 12. Qe2 Nf6 13. f3 Qe5 14. Nf5 g6
15. Ng3 h5 16. f4 Bc5+ 17. Be3 Qe7 18. e5 Ng4 19. Bxc5 Qxc5+ 20. Kh1 Rd7 21.
Ne4 Qc6 22. Rae1 Qxe4 23. Qxe4 Bxe4 24. Rxe4 Rd2 25. h3 Nf2+ 26. Rxf2 Rxf2 0-1

[Event "OLOMOUC 2006 - IM-C (CZE)"]
[Site "?"]
[Date "2006.08.05"]
[Round "5.2"]
[White "Gutierrez Castillo, Paloma"]
[Black "Pel, Bonno"]
[Result "0-1"]
[WhiteElo "2201"]
[BlackElo "2301"]
[PlyCount "88"]
[EventDate "2006.08.02"]

1. e4 g6 2. d4 d6 3. Nf3 Nf6 4. Bd3 Bg7 5. c3 O-O 6. O-O c5 7. h3 Nc6 8. Be3 b6
9. Nbd2 Bb7 10. Re1 e5 11. dxe5 dxe5 12. Qe2 Qe7 13. Ba6 Nd8 14. Bxb7 Nxb7 15.
Bg5 h6 16. Bxf6 Qxf6 17. Nc4 Qe7 18. Ne3 Nd6 19. a4 Rad8 20. Nd5 Qb7 21. c4
Rfe8 22. Nd2 f5 23. f3 Nf7 24. b3 Ng5 25. Nf1 Ne6 26. Nfe3 Nd4 27. Qd3 Qf7 28.
Rab1 h5 29. Rf1 Bh6 30. Nc2 Ne6 31. Qd1 Kh8 32. Qe1 Qg7 33. Kh1 Rf8 34. Qh4 g5
35. Qe1 f4 36. Kg1 g4 37. hxg4 Bg5 38. gxh5 Rg8 39. g4 fxg3 40. Nce3 g2 41. Rf2
Bxe3 42. Qxe3 Rxd5 43. h6 Qg3 44. exd5 Ng5 0-1

[Event "OLOMOUC 2006 - IM-C (CZE)"]
[Site "?"]
[Date "2006.08.05"]
[Round "5.3"]
[White "Picard, Romain"]
[Black "Talla, Vladimir"]
[Result "1/2-1/2"]
[WhiteElo "2357"]
[BlackElo "2426"]
[PlyCount "51"]
[EventDate "2006.08.02"]

1. e4 e5 2. Nf3 Nc6 3. Bc4 Nf6 4. d3 Be7 5. O-O O-O 6. a4 d6 7. a5 a6 8. Re1
Bg4 9. c3 h6 10. Nbd2 Nh7 11. h3 Bh5 12. Nf1 Ng5 13. Bxg5 Bxg5 14. Ng3 Bxf3 15.
Qxf3 g6 16. Bd5 Rb8 17. d4 Qf6 18. Qxf6 Bxf6 19. dxe5 dxe5 20. Nf1 Ne7 21. Ne3
c6 22. Ba2 Rbd8 23. Rad1 Nc8 24. Nc4 Rfe8 25. Bb3 Kf8 26. Kf1 1/2-1/2

[Event "OLOMOUC 2006 - IM-C (CZE)"]
[Site "?"]
[Date "2006.08.05"]
[Round "5.4"]
[White "Damia, Angelo"]
[Black "Tuma, Jiri"]
[Result "1/2-1/2"]
[WhiteElo "2237"]
[BlackElo "2310"]
[PlyCount "112"]
[EventDate "2006.08.02"]

1. e4 e5 2. Nc3 Nf6 3. Bc4 Nxe4 4. Qh5 Nd6 5. Bb3 Be7 6. Qxe5 O-O 7. Nge2 c6 8.
O-O Ne8 9. d4 d5 10. Bf4 Bf6 11. Qe3 Nd6 12. Ng3 Nf5 13. Nxf5 Bxf5 14. Rae1 Na6
15. Be5 Bxe5 16. Qxe5 Qd7 17. Qe7 Rfe8 18. Qxd7 Bxd7 19. Nd1 Bf5 20. f3 Kf8 21.
Kf2 f6 22. Rxe8+ Rxe8 23. Ne3 Bg6 24. c3 Nc7 25. Bc2 Bxc2 26. Nxc2 Ne6 27. g3
Ng5 28. Re1 Re7 29. Rxe7 Kxe7 30. h4 Nf7 31. Ne3 Ke6 32. g4 Nd6 33. Kg3 b6 34.
Kf4 a5 35. Nf5 Nxf5 36. gxf5+ Kd6 37. h5 c5 38. Ke3 c4 39. Kd2 Kc6 40. Kc1 Kb5
41. Kc2 Ka4 42. b3+ cxb3+ 43. axb3+ Kb5 44. Kb2 Kc6 45. c4 a4 46. cxd5+ Kxd5
47. bxa4 Kxd4 48. Kb3 Kc5 49. Kc3 b5 50. axb5 Kxb5 51. Kd4 Kc6 52. Kc4 Kd6 53.
Kd4 Kc6 54. Kc4 Kd6 55. Kd4 Kc6 56. Kc4 Kd6 1/2-1/2

[Event "OLOMOUC 2006 - IM-C (CZE)"]
[Site "?"]
[Date "2006.08.05"]
[Round "5.5"]
[White "Salai, Ladislav"]
[Black "Biolek, Richard Jr"]
[Result "1/2-1/2"]
[WhiteElo "2370"]
[BlackElo "2304"]
[PlyCount "29"]
[EventDate "2006.08.02"]

1. e4 e5 2. Nf3 Nc6 3. Bb5 a6 4. Ba4 f5 5. d3 Nf6 6. O-O Be7 7. Nc3 d6 8. exf5
Bxf5 9. Ne2 O-O 10. Ng3 Bg4 11. h3 Bxf3 12. Qxf3 Nd4 13. Qd1 b5 14. Bb3+ d5 15.
c3 1/2-1/2

[Event "OLOMOUC 2006 - IM-C (CZE)"]
[Site "?"]
[Date "2006.08.05"]
[Round "5.6"]
[White "Geske, Julian"]
[Black "Firman, Nazar"]
[Result "1-0"]
[WhiteElo "2173"]
[BlackElo "2499"]
[PlyCount "91"]
[EventDate "2006.08.02"]

1. e4 c5 2. Nf3 e6 3. Nc3 a6 4. d4 cxd4 5. Nxd4 b5 6. Bd3 Bb7 7. O-O Bc5 8. Nb3
Ba7 9. Qe2 b4 10. Nd1 d5 11. c3 bxc3 12. Nxc3 d4 13. Na4 Nf6 14. Bg5 h6 15. Bh4
Nbd7 16. Kh1 g5 17. Bg3 e5 18. Bxa6 Bxe4 19. f3 Bg6 20. Bxe5 d3 21. Qe1 O-O 22.
Bxf6 Nxf6 23. Bb5 Qd6 24. Nc3 Bb8 25. g3 Ra7 26. Qd2 Rd8 27. Rad1 g4 28. Qxh6
gxf3 29. Rxf3 Qe5 30. Rfxd3 Rad7 31. Nc1 Ng4 32. Qh4 Ne3 33. Re1 Rxd3 34. Rxe3
Rd1+ 35. Kg2 R1d2+ 36. N1e2 Qg7 37. Ne4 Rd1 38. Nf6+ Kf8 39. Qb4+ R1d6 40. Nd4
Qh8 41. Nc6 Kg7 42. Nxd8 Rxd8 43. Qc3 Ba7 44. Re8 Rxe8 45. Nxe8+ Kh7 46. Qxh8+
1-0